Statistics for Foods that Start with Y and Z

Click here to take the quiz!

General Stats

  • This quiz has been taken 250 times
  • The average score is 6 of 16

Answer Stats

Answer% Correct
Yolk
98%
Zucchini
88%
Yoghurt
85%
Yam
81%
Zest
65%
Yeast
61%
Yuca
25%
Yuzu
15%
Zingers
12%
Zinfandel
11%
Zabaione
9%
Zopf
6%
Zweiback
5%
Zeppole
4%
Zander
3%
Zuccotto
3%

Score Distribution

Percentile by Number Answered

Percent of People with Each Score

Your Score History

You have not taken this quiz